Представление документа в формате MARC21

ПолеНазваниеЗначение
  Тип записи a
  Библиографический уровень m
001 Контрольный номер RU\infra-m\znanium\bibl\2218819
005 Дата корректировки 20260429142309.3
008 Кодируемые данные 260122s2026 RU g rus u
020 Индекс ISBN __
a ISBN 978-5-16-011282-4
020 Индекс ISBN __
a ISBN 978-5-16-103450-7 (электр. издание)
040 Источник каталогиз. __
a Служба первич. каталог. Общество с ограниченной ответственностью «ЗНАНИУМ»
041 Код языка издания __
a Код языка текста rus
044 Код страны публикации __
a Код страны публикации RU
080 Индекс УДК __
a Индекс УДК 1
084 Индекс другой классификации/Индекс ББК __
2 Источник индекса rubbk
a Индекс другой классификации/Индекс ББК 6/8
084 Индекс другой классификации/Индекс ББК __
2 Источник индекса okso
a Индекс другой классификации/Индекс ББК 39.00.00
084 Индекс другой классификации/Индекс ББК __
2 Источник индекса okso
a Индекс другой классификации/Индекс ББК 51.00.00
084 Индекс другой классификации/Индекс ББК __
2 Источник индекса okso
a Индекс другой классификации/Индекс ББК 39.04.01
084 Индекс другой классификации/Индекс ББК __
2 Источник индекса okso
a Индекс другой классификации/Индекс ББК 40.03.01
084 Индекс другой классификации/Индекс ББК __
2 Источник индекса okso
a Индекс другой классификации/Индекс ББК 44.03.01
084 Индекс другой классификации/Индекс ББК __
2 Источник индекса okso
a Индекс другой классификации/Индекс ББК 44.03.05
084 Индекс другой классификации/Индекс ББК __
2 Источник индекса okso
a Индекс другой классификации/Индекс ББК 47.03.01
084 Индекс другой классификации/Индекс ББК __
2 Источник индекса okso
a Индекс другой классификации/Индекс ББК 47.04.01
084 Индекс другой классификации/Индекс ББК __
2 Источник индекса okso
a Индекс другой классификации/Индекс ББК 51.04.01
100 Автор __
a Автор Борзых С.В.
q Полное имя Борзых Станислав Владимирович
u Дополнение Томский государственный архитектурно-строительный университет
245 Заглавие __
a Заглавие Бремя разума
b Продолж. заглавия Монография
c Ответственность Томский государственный архитектурно-строительный университет
250 Сведения об издании __
a Основные сведения об издании 1
260 Выходные данные __
a Место издания Москва
b Издательство ООО "Научно-издательский центр ИНФРА-М"
c Дата издания 2026
300 Физическое описание __
a Объем 115 с.
440 Серия __
a Серия Научная мысль
520 Аннотация __
a Аннотация Данная книга рассматривает феномен разума через призму его стоимости. Автор выдвигает предположение о том что человеческий интеллект по сути не окупает себя потому что вложения в него огромны тогда как выгода либо сомнительна либо мала. Усугубляет ситуацию то что современные технологии делают мышление избыточным. Книга предназначена для философов культурологов социологов психологов историков а также для широкого круга читателей интересующихся проблемами человеческого разума.
521 Примеч. о цел. назн. __
a Примеч. о целев. назн. Дополнительное профессиональное образование
650 Тематические рубрики __
a Основная рубрика Философия
x Основная подрубрика Современная российская философия
655 Указ. предметных рубрик (устаревшее) __
a Жанр/ форма (устаревшее) Монография
856 Электронный адрес документа 4_
a Имя сервера/домена znanium.ru
m Помощь ebs_support@infra-m.ru
n Местонахождение сервера НИЦ ИНФРА-М
u URL https://znanium.ru/catalog/document?id=476853
856 Электронный адрес документа 48
a Имя сервера/домена znanium.ru
d Путь /cover/2218
f Электронное имя 2218819.jpg
q Тип электронного формата image/jpeg
u URL https://znanium.ru/cover/2218/2218819.jpg
911 __
u 0030=https://znanium.ru/catalog/document?id=476853